000 01195nam a22002777a 4500
003 OSt
005 20230608141940.0
007 cr ||||||a|c|a
008 230220s2021 mx ||||fom||| 001 0 spa d
040 _erda
100 1 _9129913
_aBarrera Guzmán, Luis Ángel
245 1 _aFilogenia y biogeografía de Sechium P. Brown /
_cpor Luis Ángel Barrera Guzmán; director de tesis Juan Porfirio Legaria Solano
264 1 _aChapingo, México :
_bEl autor,
_c2021.
300 _a1 recurso en línea (217 páginas).
_bgráficas, mapas
336 _2rdacontent
_atexto
_btxt
337 _2rdamedia
_acomputadora
_bc
338 _2rdacarrier
_arecurso en línea
_bcr
502 _bDCH
_cFitotecnia
_d2021.
_gDOC
504 _aIncluye referencias bibliográficas: páginas 21-24, 60-71, 92-96, 110-114, 131-138, 160-162, 180-182
650 7 _922086
_aChayote
_xGenética
650 2 _922085
_aChayote
_xFisiología y morfología
650 2 _9128148
_aChayote
_xConservación
700 1 _965643
_aLegaria Solano, Juan Porfirio
_eDirector de tesis
856 _uhttp://10.13.5.2/tesis/td/2021_FI_Barrera_Guzman_LuisAngel.pdf
_zDESCARGAR PDF
942 _2Clasificación Universidad Autónoma Chapingo
_cTD
999 _c218420
_d218420